Úvod do toponomastiky vysokoškolská učebnica

Bibliographic Details
Main Author: Krško, Jaromír, 1967- (Author)
Format: Book
Language:Slovak
PhysicalDescription:175 s. ilustr., mp. 21 cm
Published: Banská Bystrica Univerzita Mateja Bela, Filozofická fakulta Belianum 2014
ISBN:9788055707297
Edition:1. vyd.
Subjects:

MARC

LEADER 00000cam a2200000 a 4500
001 vtls010620678
003 SK-MaSNL
005 20260302013409.0
008 240314s2014 xo ab e 001 0 slo
015 |a SNBA2014/10 
020 |a 9788055707297  |q (brož.) 
035 |a 8B3D0E6B-B11B-45F3-A048-5A78214E2E10 
035 |a urn:nbn:sk:snk-am3h601 
035 |a urn:nbn:sk:snk-am008y2g 
040 |a SNK  |b slo  |c SNK  |e AACR2 
041 0 |a slo 
044 |a xo  |c SK 
072 7 |a 81  |x Lingvistika. Jazyky  |2 konspekt 
080 |a 81'373.21  |2 2001 
080 |a (075.8)  |2 2001 
100 1 |a Krško, Jaromír,  |d 1967-  |4 aut  |9 204575 
245 1 0 |a Úvod do toponomastiky  |p vysokoškolská učebnica  |c Jaromír Krško 
250 |a 1. vyd. 
260 |a Banská Bystrica  |b Univerzita Mateja Bela, Filozofická fakulta  |b Belianum  |c 2014 
300 |a 175 s.  |b ilustr., mp.  |c 21 cm 
366 |e 100 výt. 
504 |a Bibliogr. odkazy ; bibliogr.: s. 133-146 ; pozn. ; vec. reg. 
650 0 7 |a toponomastika  |2 SNKPH  |9 17949 
650 0 7 |a Toponymy  |2 SNKPHeng  |9 328779 
655 7 |a učebnice vysokých škôl  |2 SNKPH  |9 70191 
655 7 |a Textbooks (higher)  |2 SNKPHeng  |9 276436 
852 |a Štátna vedecká knižnica v Banskej Bystrici 
919 |a 978-80-557-0729-7 
958 |a NB 
999 |c 1012821  |d 1014751 
952 |a SNK  |b SNK  |y PREZ  |7 0  |p 17A1116097  |o snkSC 160985  |i snk2014/19548  |8 0  |0 0  |1 0  |4 0  |d 2014-09-24  |f 1  |l 0  |r 2025-08-25 00:00:00  |w 2026-02-24 
952 |a SNK  |b SNK  |y VYP  |7 0  |p 17A1116098  |o snkSC 160985 D1  |i snk2014/19549  |8 0  |0 0  |1 0  |4 0  |d 2014-09-24  |l 0  |r 2026-02-24 12:58:40  |w 2026-02-24